| 000 | 00726nam a2200217 i 4500 | ||
|---|---|---|---|
| 001 | 61463 | ||
| 003 | ES-MaACL | ||
| 005 | 20230906164448.0 | ||
| 007 | t| | ||
| 008 | 031112s1965 sp ||||1| spa d | ||
| 110 | 2 |
_aMovimiento Nacional (España). _bDelegación Nacional de Prensa, Propaganda y Radio. _95783 |
|
| 245 | 1 | 0 |
_aEvolución política : _bdemocratización y socialización por rutas de unidad. |
| 260 |
_aMadrid : _bEdiciones del Movimiento, _c[1965] |
||
| 300 |
_a201 p. ; _c22 cm. |
||
| 490 | 1 | _aNuevo horizonte | |
| 651 | 4 |
_aEspaña- _xHistoria- _y1955-1975. _98337 |
|
| 710 | 2 |
_aEdiciones del Movimiento. _9171800 |
|
| 830 | 1 |
_aNuevo horizonte _9181183 |
|
| 852 |
_aES-MaACL _jC-34094 |
||
| 999 |
_c61463 _d61463 |
||